Barcelona Metro Stations on a Map - Statistics

General Stats
  • This quiz has been taken 4,410 times
  • The average score is 62 of 149
Answers on the Map
Answers color-coded by a green-red scale on the quiz's map according to % correct below.
 
Answer Stats
Lines Stations % Correct
L1, L3, L6, L7 Catalunya
88%
L1, L3, L8 Espanya
83%
L1, L5 Plaça de Sants
81%
L3, L5 Sants Estació
80%
L2, L5 Sagrada Familia
79%
L3, L5 Diagonal
76%
L2, L3, L4 Passeig de Gràcia
75%
L4 Barceloneta
74%
L1, L2 Universitat
73%
L1, L4 Urquinaona
73%
L9 Sud Aeroport T1
70%
L9 Sud Aeroport T2
70%
L2, L3 Paral·lel
69%
L5 Badal
67%
L3 Liceu
67%
L3, L9 Sud Zona Universitària
67%
L1, L9 Nord Fondo
66%
L1 Arc de Triomf
64%
L2 Badalona Pompeu Fabra
64%
L1, L2 Clot
63%
L3 Drassanes
63%
L1 Marina
62%
L3, L4, L11 Trinitat Nova
62%
L3, L5 Vall d'Hebron
62%
L6, L7 Gràcia
61%
L1, L5, L9 Nord, L10 La Sagrera
61%
L1 Glòries
60%
L5 Hospital Clínic
59%
L3 Maria Cristina
59%
L3 Poble Sec
58%
L3 Tarragona
58%
L4, L5 Verdaguer
58%
L1 Rocafort
57%
L1 Bellvitge
56%
L6, L12 Sarrià
56%
L1 Urgell
56%
L4 Ciutadella | Vila Olímpica
55%
L1 Hospital de Bellvitge
55%
L4 Jaume I
55%
L3 Lesseps
55%
L4 Poblenou
54%
L3 Les Corts
53%
L3 Palau Reial
52%
L5 Cornellà Centre
51%
L3 Fontana
51%
L2, L4 La Pau
51%
L7 Avinguda Tibidabo
50%
L5, L9 Sud Collblanc
50%
L4 Girona
50%
L1 Sant Andreu
50%
L5 Sant Pau | Dos de Maig
50%
L6, L7 Provença
49%
L2 Sant Antoni
48%
L5 Entença
47%
L1 Trinitat Vella
47%
L4 Bogatell
46%
L2 Tetuan
46%
L1, L9 Sud Torrassa
46%
L3 Vallcarca
46%
L5 Horta
45%
L1 Santa Coloma
45%
L1 Hostafrancs
44%
L3 Plaça del Centre
44%
L8, L9 Sud Europa | Fira
43%
L4 Besòs
42%
L9 Sud El Prat Estació
42%
L1 Fabra i Puig
42%
L1 Navas
42%
L12 Reina Elisenda
42%
L4 Joanic
41%
L4 Alfons X
40%
L4 El Maresme | Fòrum
40%
L4, L5 Maragall
40%
L2 Monumental
40%
L3 Mundet
40%
L6 Sant Gervasi
40%
L2 Encants
39%
L1 Florida
39%
L4 Guinardó Hospital de Sant Pau
39%
L1 Mercat Nou
39%
L1 Santa Eulàlia
39%
L2 Artigues | Sant Adrià
38%
L5 El Carmel
37%
L9 Sud Fira
36%
L2, L10 Gorg
36%
L4 Llacuna
36%
L3 Penitents
36%
L6 Muntaner
35%
L2 Sant Martí
35%
L6 Les Tres Torres
34%
L1, L8 Avinguda Carrilet
33%
L5 Camp de l'Arpa
33%
L3 Montbau
33%
L5 Vilapicina
32%
L3 Canyelles
31%
L3 Roquetes
31%
L4 Besòs Mar
30%
L7 El Putxet
30%
L4 Selva de Mar
30%
L1 Torras i Bages
30%
L2 Bac de Roda
29%
L9 Nord Can Zam
29%
L6 La Bonanova
29%
L5 El Coll | La Teixonera
28%
L9 Sud Mercabarna
28%
L5 Virrei Amat
28%
L5 Congrés
27%
L2 Pep Ventura
27%
L8 Sant Boi
27%
L4 Via Júlia
27%
L7 Plaça Molina
26%
L4 Llucmajor
25%
L9 Nord, L10 Onze de Setembre
25%
L2 Sant Roc
25%
L11 Torre Baró | Vallbona
25%
L3 Valldaura
25%
L2 Verneda
25%
L9 Sud Can Tries | Gornal
24%
L8 Magòria-La Campana
24%
L7 Pàdua
24%
L1 Rambla Just Oliveras
24%
L5 Sant Ildefons
24%
L1 Baró de Viver
23%
L9 Nord, L10 Bon Pastor
23%
L1 Can Serra
23%
L5 Can Vidalet
23%
L5 Pubilla Cases
22%
L8 Gornal
21%
L5 Can Boixeres
20%
L11 Ciutat Meridiana
20%
L5 Gavarra
20%
L8 Moli Nou Ciutat Cooperativa
20%
L8 Ildefons Cerdà
19%
L9 Nord Singuerlín
19%
L10 La Salut
18%
L10 Llefià
18%
L9 Sud Céntric
17%
L9 Sud Mas Blau
17%
L8 Cornellà Riera
16%
L11 Can Cuiàs
15%
L11 Casa de l'Aigua
15%
L9 Nord Església Major
15%
L9 Sud Parc Logístic
15%
L9 Sud Parc Nou
15%
L8 Sant Josep
15%
L9 Nord Santa Rosa
14%
L8 Almeda
13%
L9 Nord Can Peixauet
13%
L9 Sud Les Moreres
13%
No matching quizzes found
Score Distribution
Percent of People with Each Score
Percentile by Number Answered
Your Score History
You have not taken this quiz